Obálka Náhled e-knihy:
PDF Epub
Pro půjčování e-knih musíte být přihlášeni.
Jak si půjčit online?

Arila. Stíny citadely /

Třetí díl fantasy románu o věčně putujícím národu.

Uloženo v:
Série:Arila, část 3
Hlavní autor: Starý, Radek, 1992- (Autor)
Médium: E-kniha
Jazyk:Czech
Vydáno: V Praze : CooBoo, 2022
Vydání:1. vydání
Témata:
Příbuzné jednotky:Z cyklu:: Arila
Tagy:
Žádné tagy
LEADER 02155nam a2200433 i 4500
001 311731
003 CZ PrSKC
005 20260601215710.0
007 ta
008 221111s2022 xr a g 000 f cze
015 |a cnb003471796 
020 |a 9788076616578  |q (brožováno) :  |c Kč 399,00 
035 |a (OCoLC)1357139490 
040 |a ABG001  |b cze  |e rda 
072 7 |a 821.162.3-3  |x Česká próza  |2 Konspekt 
080 |a 821.162.3-31  |2 MRF 
080 |a (0:82-312.9)  |2 MRF 
100 1 |a Starý, Radek,  |d 1992-  |7 xx0261079  |4 aut 
245 1 0 |a Arila.  |p Stíny citadely /  |c Radek "Sterakdary" Starý 
246 3 0 |a Stíny citadely 
250 |a 1. vydání 
264 1 |a V Praze :  |b CooBoo,  |c 2022 
300 |a 309 stran :  |b ilustrace ;  |c 20 cm 
336 |a text  |b txt  |2 rdacontent 
337 |a bez média  |b n  |2 rdamedia 
338 |a svazek  |b nc  |2 rdacarrier 
520 2 |a Třetí díl fantasy románu o věčně putujícím národu.  |b Arila prozkoumává své nové síly a vydává se do pouštního města Salroa, aby pomohla zachránit spícího boha Rooaka. Ten se nachází ve špičce Citadely, obrovské sochy nesoucí jeho vlastní podobu, obklopený děsivým nepřítelem, který se do Aldolonu prodral skrz skuliny reality a který dokáže zasít strach do všech, včetně bohů samotných. Svět umírá a konec se nevyhnutelně blíží. Nakladatelská anotace. Kráceno. 
546 |a Český text 
655 7 |a české romány  |7 fd133974  |2 czenas 
655 7 |a fantasy romány  |7 fd184199  |2 czenas 
655 9 |a Czech fiction  |2 eczenas 
655 9 |a fantasy novels  |2 eczenas 
787 0 8 |i Z cyklu:  |t Arila  |g 3 
900 |a ABA001  |b 20 
928 9 |a Albatros Media - CooBoo 
044 |a xr 
910 |a RBIT002 
998 |d 362800  |a https://core.palmknihy.cz/api/books/362800/cover?si7y6f  |b https://core.palmknihy.cz/api/books/362800/cover/400?si7y6f  |c https://core.palmknihy.cz/api/books/362800/cover/50?si7y6f  |e 2033-12-31  |g 312  |i 9788076616578  |j https://core.palmknihy.cz/api/books/362800/preview.epub  |k https://core.palmknihy.cz/api/books/362800/preview.pdf  |l   |q 49  |r 1  |s https://www.palmknihy.cz/kniha/362800  |t ebook  |y 2022  |z 0  |v Arila  |w 3 
999 |d 311729